000 00677nam a2200229 i 4500
001 103068
003 ES-MaACL
005 20230906183247.0
007 t|
008 060110s2004 sp ||||1| spa d
020 _a84-96107-18-3
080 _a929 Mihura, Miguel
100 1 _aMoreiro Prieto, Julián.
_983232
245 1 0 _aMiguel Mihura
_b: humor y melancolía /
_cJulián Moreiro.
260 _aMadrid :
_bAlgaba,
_c[2004]
300 _a419 p., [30] p. de lám. :
_bil. ;
_c25 cm.
490 1 _aBiografía
600 1 4 _aMihura, Miguel-
_xBiografías.
_981059
830 0 _aBiografía
_9183045
852 _aES-MaACL
_jL-29267
_bR.136664
999 _c103068
_d103068